000 03321namaa22004331i 4500
003 OSt
005 20250223033426.0
008 250205s2024 |||a|||f m||| 000 0 eng d
040 _aEG-GICUC
_beng
_cEG-GICUC
_dEG-GICUC
_erda
041 0 _aeng
_beng
_bara
049 _aDeposit
082 0 4 _a630
092 _a630
_221
097 _aPh.D
099 _aCai01.07.20.Ph.D.2024.Mo.U.
100 0 _aMohammed Nasr Ragab Heikal,
_epreparation.
245 1 0 _aUtilization of entomonematodes in biological control of insect pests /
_cBy Mohammed Nasr Ragab Heikal; Superviors DR. Ahmed Mahmoud Aly Salman, DR. Ahmed Salah Mohamed Al-Roubi, DR. Muhammed s. M. Shamseldean.
246 1 5 _aاستخدام نيماتودا الحشرات في مكافحة الآفات الحشرية /
264 0 _c2024.
300 _a112 pages :
_billustrations ;
_c25 cm. +
_eCD.
336 _atext
_2rda content
337 _aUnmediated
_2rdamedia
338 _avolume
_2rdacarrier
502 _aThesis (Ph.D)-Cairo University, 2024.
504 _aBibliography: pages 85-112.
520 _aThis study was planned to find novel indigenous Entomopathogenic Nematodes (EPN) in agricultural soils . one isolate did not show a high recorded in the database of the Gene Bank and hence was identified as a new Heterorhabditis species and was deposited at the National Center for Biotechnology Information (NCBI) and registered with an accession no. (OP555450) under the name of Heterorhabditis alii. Moreover, virulence of this new EPN species against the fall armyworm was tested in comparison to the foreign EPN species, Heterorhabditis bacteriophora (HP88) and the local Heterorhabditis indica (Mango 2 isolate)
520 _aتم عزل خمس سلالات من النيماتودا الممرضة للحشرات من عينات التربة. تم إكتشاف عزلة منهم إنها غير موجودة في قاعدة بيانات بنك الجينات، وبالتالي تم تحديدها على أنها نوع جديد من Heterorhabditis وتم تسجليها تحت رقم (OP555450) تحت اسم Heterorhabditis alii وتم عمل التوصيف المورفولوجي. وتم اختبار كفاءة هذا النوع الجديد ضد دودة الحشد بالمقارنة مع نوع أجنبي مثل Heterorhabditis bacteriophora HP88)) و نوع محلي وهو (Heterorhabditis indica Mango 2 isolate) وأثبت النوع الجديد أنه الأكثر فعالية من بين الانواع الثلاثة.
530 _aIssues also as CD.
546 _aText in English and abstract in English.
650 7 _aAgriculture
_2qrmak
653 0 _aBiological contol
_aEntomopathogenic nematodes
_aHeterorhabditis alii,
_aHeterorhabditis sp
_aDNA sequencing
_athe Fall Armyworm (FAW)
_aSpodoptera frugiperda
700 0 _aAhmed Mahmoud Aly Salman
_ethesis advisor.
700 0 _aAhmed Salah Mohamed Al-Roubi
_ethesis advisor.
700 0 _aMuhammed s. M. Shamseldean
_ethesis advisor.
900 _b01-01-2024
_cAhmed Mahmoud Aly Salman
_cAhmed Salah Mohamed Al-Roubi
_cMuhammed s. M. Shamseldean
_UCairo University
_FFaculty of Agriculture
_DDepartment of Zoology and Agricultural Nematology
905 _aSara
_eHuda
942 _2ddc
_cTH
_e21
_n0
999 _c170625